A COMPENDIUM OF ACTIVE PRINCIPLES /PHYTOCHEMICALS OF MEDICINAL PLANTS USED IN HOMOEOPATHY (Record no. 35039)

MARC details
000 -LEADER
fixed length control field 00474nam a22001577a 4500
003 - CONTROL NUMBER IDENTIFIER
control field SGT
082 ## - DEWEY DECIMAL CLASSIFICATION NUMBER
Classification number 615
Item number C01V
100 ## - MAIN ENTRY--PERSONAL NAME
Personal name VIKRAMADITYA
245 ## - TITLE STATEMENT
Title A COMPENDIUM OF ACTIVE PRINCIPLES /PHYTOCHEMICALS OF MEDICINAL PLANTS USED IN HOMOEOPATHY
260 ## - PUBLICATION, DISTRIBUTION, ETC. (IMPRINT)
Place of publication, distribution, etc NEW DELHI
Name of publisher, distributor, etc HPL GAZIABAD
Year of Publication 2001
300 ## - PAGE DESCRIPTION
No. of Pages 122
650 ## - SUBJECT ADDED ENTRY--TOPICAL TERM
Topical term or geographic name as entry element PHARMACY
653 ## - KEYWORDS--INDEX TERM
Keyword term COMPENDIUM , ACTIVE, PRINCIPLES, PHYTOCHEMICALS , MEDICINAL, PLANTS, HOMOEOPATHY
942 ## - ADDED ENTRY ELEMENTS (KOHA)
Source of classification or shelving scheme Dewey Decimal Classification
Koha item type Books
Holdings
Withdrawn status Lost status Source of classification or shelving scheme Damaged status Use restrictions Not for loan Collection code Home library Current library Shelving location Date acquired Vendor Name Volume Information (Serial or Books or Non-Book Material) SGTU Total Checkouts Full call number Accession No. (Barcode) Date last seen Bill Date Koha item type
    Dewey Decimal Classification   Restricted Access   PHARMACY SGT FA-FP Library SGT FA-FP Library On Display 03/07/2026 SGT UNIVERSITY Dr. ATUL NASA 1 SGTU   615 C01V FP5695G 03/07/2026 03/07/2026 Books
    Dewey Decimal Classification   Restricted Access   PHARMACY SGT FA-FP Library SGT FA-FP Library On Display 03/07/2026 SGT UNIVERSITY Dr. ATUL NASA 1 SGTU   615 C01V FP5696G 03/07/2026 03/07/2026 Books